| 000 | 00540nam a22001697a 4500 | ||
|---|---|---|---|
| 003 | SGT | ||
| 020 | _a9788190651837 | ||
| 082 | _a658.1511,SIN | ||
| 100 | _aSINGHAL,A.K | ||
| 245 | _aA TEXTBOOK OF FINANCIAL ACCOUNTING | ||
| 250 | _a1ST | ||
| 260 |
_aNEW DELHI _bVAYU EDUCATION OF INDIA _c2008 |
||
| 300 | _a828 | ||
| 650 | _aMANAGEMENT ACCOUNTING | ||
| 653 | _aACCOUNTING NATURE FUNCTION AND SIGNIFICANCE, TYPES OF ACCOUNTING, ACCOUNTING EQUATION, PREPARATION OF FINAL ACCOUNTS OF SOLE TRADER DEPRECIATION ACCOUNTING, | ||
| 942 |
_2ddc _cFCM |
||
| 999 |
_c9256 _d9256 |
||